Szczegóły MARC21

Duden "Das große Wörterbuch der deutschen Sprache" : in zehn Bänden /

003 -Nazwa inst., której nr kontr. jest w polu 001 [,]
    • @
    • Nazwa instytucji, której n kontrolny jest w polu 001
    • NUKAT
005 -DATA I CZAS OSTATNIEJ MODYFIKACJI [,]
    • @
    • pole kontrolne
    • 20260410144045.0
020 -Międzynarod. znormalizowany nr książki - ISBN [ , ]
    • a
    • Numer ISBN
    • 341104733X Find
040 -Instytucja sporządzająca opis [ , ]
    • a
    • Instytucja, która sporządziła opis (NP)
    • NUKAT
    • c
    • Instytucja, która sporządziła rekord (NP)
    • GD U/Doro
942 -Rodzaj dokumentu [ , ]
    • c
    • Rodzaj dokumentu
    • Książka
245 -Strefa tytułu i oznaczenia odpowiedzialności [0,0]
    • a
    • Tytuł
    • Duden "Das große Wörterbuch der deutschen Sprache" : Find
    • b
    • Ciąg dalszy tytułu (NP)
    • in zehn Bänden / Find
    • c
    • Pozostałe elementy strefy tytułu i oznaczenia odpowiedzialności (NP)
    • [Red. Bearb. Werner Scholze-Stubenrecht et al.].
246 -Wariant tytułu [3,0]
    • a
    • Tytuł (NP)
    • Große Wörterbuch der deutschen Sprache
250 -Strefa wydania [ , ]
    • a
    • Oznaczenie wydania (NP)
    • 3. völlig neu bearb. und erw. Aufl.
260 -Strefa adresu wydawniczego [ , ]
    • a
    • Miejsce wydania (P)
    • Mannheim :
    • b
    • Nazwa wydawcy (P)
    • Dudenverlag,
    • c
    • Data wydania (P)
    • 1999.
300 -Strefa opisu fizycznego [ , ]
    • a
    • Określenie formy książki i/lub objętość (NP)
    • 10 t. ;
    • c
    • Format (NP)
    • 25 cm.
336 -Typ zawartości [ , ]
    • a
    • Termin opisujący typ zawartości
    • Tekst
    • b
    • Kod określający zawartość
    • txt
    • 2
    • Źródło (terminu i kodu)
    • rdacontent
337 -Typ mediów [ , ]
    • a
    • Tryb odtwarzania
    • Bez urządzenia pośredniczącego
    • b
    • Kod typu mediów
    • n
    • 2
    • Źródło (terminu i kodu)
    • rdamedia
338 -Typ/rodzaj nośnika [ , ]
    • a
    • Hasło opisujące typ nośnika
    • Wolumin
    • b
    • Kod typu nośnika
    • nc
    • 2
    • Źródło (terminu i kodu)
    • rdacarrier
505 -Uwaga dot. zawartości książki [0, ]
    • a
    • Uwaga dot. zawartości książki
    • Bd. 1 : A-Bedi ; Bd. 2 : Bedr-Eink ; Bd. 3 : Einl-Geld ; Bd. 4 : Gele-Impr ; Bd. 5 : Impu-Leim ; Bd. 6 : Lein-Peko ; Bd. 7 : Pekt-Schi ; Bd. 8 : Schl-Tace ; Bd. 9 : Tach-Vida ; Bd. 10 : Vide-Zz.
080 -Uniwersalna Klasyfikacja Dziesiętna [ , ]
    • a
    • Symbol klasyfikacji
    • 803.0-3(038)
650 -Hasło przedmiotowe [ ,7]
    • a
    • Hasło przedmiotowe
    • Język niemiecki
    • v
    • Określnik formalny
    • słowniki.
    • 2
    • Źródło terminu
    • kaba
    • 9
    • KHW
    • 113296
980 -Symbol UKD [ , ]
    • a
    • UKD
    • 803.0-3(038)
700 -Hasło dodatkowe - nazwa osobowa [1, ]
    • a
    • Nazwa osobowa (NP)
    • Scholze-Stubenrecht, Werner Find
    • d
    • Daty biograficzne (NP)
    • (1948-2016).
    • e
    • Określenie rodzaju współpracy
    • Red.
    • 9
    • KHW
    • 80728
920 -ISBN [ , ]
    • a
    • ISBN
    • 3-411-04733-X Find
Sygnatura Numer inwentarzowy Status udost. Numer tomu Lokalizacja Data inwentaryzacji Numer porzadkowy
GERM. Słowniki jęz. niem. 51G.171671Bd. 1, A-BediBM2004-05-131
GERM. Słowniki jęz. niem. 52G.171681Bd. 2, Bedr-EinkBM2004-05-132
GERM. Słowniki jęz. niem. 53G.171691Bd. 3, Einl-GeldBM2004-05-133
GERM. Słowniki jęz. niem. 54G.171701Bd. 4, Gele-ImprBM2004-05-134
GERM. Słowniki jęz. niem. 55G.171711Bd. 5, Impu-LeimBM2004-05-135
GERM. Słowniki jęz. niem. 56G.171721Bd. 6, Lein-PekoBM2004-05-136
GERM. Słowniki jęz. niem. 57G.171731Bd. 7, Pekt-SchiBM2004-05-137
GERM. Słowniki jęz. niem. 58G.171741Bd. 8, Schl-TaceBM2004-05-138
GERM. Słowniki jęz. niem. 59G.171751Bd. 9, Tach-VidaBM2004-05-139
GERM. Słowniki jęz. niem. 60G.171761Bd. 10, Vide-ZzBM2004-05-1310